Environmental Chemistry (Record no. 6231)

MARC details
000 -LEADER
fixed length control field 00561nam a22002057a 4500
003 - CONTROL NUMBER IDENTIFIER
control field OSt
005 - DATE AND TIME OF LATEST TRANSACTION
control field 20190816141322.0
008 - FIXED-LENGTH DATA ELEMENTS--GENERAL INFORMATION
fixed length control field 190816b ||||| |||| 00| 0 eng d
020 ## - INTERNATIONAL STANDARD BOOK NUMBER
International Standard Book Number 9781464113499
040 ## - CATALOGING SOURCE
Transcribing agency ddc
082 ## - DEWEY DECIMAL CLASSIFICATION NUMBER
Classification number 577.14 BAI 2012
100 ## - MAIN ENTRY--PERSONAL NAME
Personal name Baird, Colin; Cann, Michael C.
9 (RLIN) 12822
245 ## - TITLE STATEMENT
Title Environmental Chemistry
250 ## - EDITION STATEMENT
Edition statement 5th ed.
260 ## - PUBLICATION, DISTRIBUTION, ETC. (IMPRINT)
Place of publication, distribution, etc. New York;
Name of publisher, distributor, etc. W.H.Freeman,
Date of publication, distribution, etc. 2012
300 ## - PHYSICAL DESCRIPTION
Extent xxxii,776p;
Other physical details col.ill:
Dimensions 23cm
504 ## - BIBLIOGRAPHY, ETC. NOTE
Bibliography, etc Appendix, answers, & included
650 ## - SUBJECT ADDED ENTRY--TOPICAL TERM
Topical term or geographic name as entry element Environmental chemistry
9 (RLIN) 4192
942 ## - ADDED ENTRY ELEMENTS (KOHA)
Source of classification or shelving scheme Dewey Decimal Classification
Koha item type Book
Holdings
Withdrawn status Lost status Source of classification or shelving scheme Damaged status Not for loan Home library Current library Date acquired Source of acquisition Inventory number Total Checkouts Full call number Barcode Date last seen Koha item type
    Dewey Decimal Classification     Main Kihumuro Campus Main Kihumuro Campus 16/08/2019 Purchase 19/40825   577.14 BAI 2012 2019-0126 16/08/2019 Short Loan
    Dewey Decimal Classification     Main Kihumuro Campus Main Kihumuro Campus 16/08/2019 Purchase 19/40826   577.14 BAI 2012 2019-0127 16/08/2019 Short Loan
    Dewey Decimal Classification     Main Kihumuro Campus Main Kihumuro Campus 16/08/2019 Purchase 19/40827   577.14 BAI 2012 2019-0128 16/08/2019 Short Loan
    Dewey Decimal Classification     Main Kihumuro Campus Main Kihumuro Campus 16/08/2019 Purchase 19/40828   577.14 BAI 2012 2019-0129 16/08/2019 Short Loan